00922 2200313 4500001002100000005001500021035002500036007000300061008004100064020002200105040001700127082001600144084001800160100002700178245014600205250002000351260002800371300003000399650002700429700001800456850001200474041000800486990001800494990001800512990002100530990001800551990001800569990002100587INLIS00000000001616920190312090051 a0010-011600000000260ta160113s2013 jki g ind d a978-979-26-0732-1 aYOPDYOGbind04223a297.989 a297.989 SEY g0 aSeyyed Morteza Mousavi aGerakan takfiri :bbahayanya bagi Islam dan kaum muslimin /cSeyyed Morteza Mousavi ; penerjemah Nusa Muzauwir ; penyunting Tim Jurnal Bayan. aCetakan pertama aJakarta :bCitra,c2013 axii, 258 halaman ;c20 cm 4aIslam-Aliran dan Sekte0 aNusa Muzauwir aYOPDYOG1 aind a46319-PD/A.15 a46320-PD/A.15 a1704-RBM/PD.A.17 a46320-PD/A.15 a46319-PD/A.15 a1704-RBM/PD.A.17